| 000 | 00575nam a2200205 i 4500 | ||
|---|---|---|---|
| 001 | 103193 | ||
| 003 | ES-MaACL | ||
| 007 | t| | ||
| 008 | 051201s2005 sp ||||1| spa d | ||
| 020 | _a84-321-3563-1 | ||
| 080 | _a821.134.2-14"20" | ||
| 100 | 1 |
_aGarcía Román, Juan Andrés. _955213 |
|
| 245 | 1 | 4 |
_aLas canciones de Lázaro / _cJuan Andrés García Román. |
| 260 |
_aMadrid : _bRialp, _c[2005] |
||
| 300 |
_a82 p. ; _c19 cm. |
||
| 490 | 1 |
_aAdonais ; _v586 |
|
| 830 | 0 | 0 |
_aAdonáis _v586 _9173743 |
| 852 |
_aES-MaACL _jJ-23-586 _bR.137108 |
||
| 999 |
_c103193 _d103193 |
||